[Event "CAN-ch U10 Girls"]
[Site "Windsor"]
[Date "2015.07.08"]
[Round "4.117"]
[White "Shi, Jiayi"]
[Black "Zhang, Wendy"]
[Result "0-1"]
[WhiteElo "277"]
[BlackElo "483"]
[PlyCount "78"]
[EventDate "2015.07.06"]
[EventType "swiss"]
[EventRounds "7"]
[EventCountry "CAN"]
[SourceTitle "EXT 2022"]
[Source "ChessBase"]
[SourceDate "2021.10.06"]
[SourceVersion "1"]
[SourceVersionDate "2021.10.06"]
[SourceQuality "1"]

1. e4 e5 2. Nf3 Nc6 3. Bb5 Nf6 4. Nc3 Bc5 5. 0-0 0-0 6. Re1 d6 7. d3 a6 8. Bc4 h6 9. h3 Be6 10. Bxe6 fxe6 11. Be3 Bb6 12. Bxb6 cxb6 13. d4 Qe7 14. dxe5 dxe5 15. Nh4 Rad8 16. Qf3 Nd4 17. Qd3 Nf5 18. Ng6 Qf7 19. Nxe5 Qh5 20. Qf3 Qxf3 21. Nxf3 Ne7 22. Rad1 Rde8 23. e5 Nh5 24. Nd4 Ng6 25. Na4 b5 26. Nc5 Ngf4 27. Nxb7 Re7 28. Nc5 a5 29. Nxb5 Rf5 30. f3 Rg5 31. Rd2 Kh7 32. Ne4 Rg6 33. c3 Re8 34. b4 Rd8 35. Rxd8 Rxg2+ 36. Kf1 Rxa2 37. Ra8 Nxh3 38. Rxa5 Ng3+ 39. Nxg3 Rf2# 0-1